Biology (FUN) - Statistics

General Stats
  • This quiz has been taken 29 times
  • The average score is 3 of 15
Answer Stats
Question Answer % Correct
What is the airspeed velocity of an unladen swallow? African or European?
60%
Pecha Kucha? Leche
40%
What class does Mr. Williams teach? Statistics College Prepper
40%
Who is Phyllis Yokum? AKA Lincolns leading lady.
20%
How many hairs are there are the typical house cat's left ear? 5
20%
Who is my boyfriend? BRAXTON #23 #Stealers
20%
What does Queen Mary look like? Former President Gerald Ford in Drag
20%
Why did the tomato turn red? Global Warming
20%
Was George Washington an exclave? He was never an ex slave he was our first president of the United States of Washington.
20%
? 3
0%
Which of these is Salem Witch Trials? BeccyNurse0101
0%
What do you call a group of ducks performing synchronized swimming? Drowning
0%
Who is most likely to be on broadway? Snookie
0%
What time is it? The Great Depression
0%
What books features the amazing character OKONKWO The Great Gatsby
0%
No matching quizzes found
Score Distribution
Percent of People with Each Score
Percentile by Number Answered
Your Score History
You have not taken this quiz